000 01146cad a22002415a 4500
001 L137589
008 070417e20070306xxk f l f000 0 eng d
020 _a9780110915357
035 _a(Sirsi) u137589
041 0 _aeng
110 2 _aWales
_kLaws, etc
_95045
245 0 4 _aThe Air Quality Standards (Wales) Regulations 2007
_h[electronic resource]
260 _aLondon
_bOPSI
_c2007
490 0 _aSI
_v2007: 717 (W.63)
520 _aComes into force 15 March 2007 and deals with the attainment and maintenance of air quality standards with appropriate action plans. Covers the duty to assess air quality and the necessary assessment methods. Considers the monitoring of ozones and aromatic hydrocarbons before dealing with public information and participation.
590 _aKA
650 2 4 _aAIR POLLUTION
650 2 4 _aTHE AIR QUALITY STANDARDS (WALES) REGULATIONS 2007
651 4 _aWales
_y1998-2007
690 _aENVIRONMENTAL AND LAND CONSULTANCY-SUSTAINABILITY-SUSTAINABLE DEVELOPMENT
856 4 0 _uhttps://www.opsi.gov.uk/legislation/wales/wsi2007/20070717e.htm
_zView the item free of charge at www.opsi.gov.uk...
942 _n0
999 _c106838
_d106838